00972nam a22002177a 4500001001400000003000900014005001700023008004100040040001300081082001900094100005200113245010900165260009100274300002300365500014200388650002200530651004600552700004100598700004500639856007000684BD-DhSAU 7469BD-DhSAU20231004151553.0150422b2006 bg ||||| m||m 00| 0 eng d aBD-DhSAU 222a310bAl117 aALAM, MD. JAHANGIReRegistration No. # 19-10302 aAdoption and profitability of maize production in gangachara upazila under rangpur district /bMS thesis aSher-e- Bangla Agricultural University:bDepartment of Agricultural Statistics,c2021. avi, 66p.:b30 cm.  aMS thesis of Department of Agricultural Statistics , Faculty of Agri Business, Sher-e-Bangla Agricultural University, Dhaka, Bangladesh  amaize production  agangachara upazila under rangpur district aProf. Md. Zakir HossaineSuperviser  aProf. Zulfikar Ahmed RezaeCo-Superviser uhttp://archive.saulibrary.edu.bd:8080/xmlui/handle/123456789/4965